| 000 | 01730nam0a2200373 i 4500 | ||
|---|---|---|---|
| 001 | RU\NLR\bibl\2054695 | ||
| 005 | 20240921133832.0 | ||
| 021 |
_aRU _b2013-48952 _93393 |
||
| 035 | _a(nilc)RuMoRGB-006597439 | ||
| 035 | _a(NLR Aleph) 002041637 | ||
| 090 |
_a4598891 _c4598891 |
||
| 100 | _a20131026d2013 u y0rusy50 ca | ||
| 101 | 0 | _arus | |
| 102 | _aRU | ||
| 105 | _aa zzzz||||| | ||
| 200 | 1 |
_aЭкспериментальное исследование проблем радиационной безопасности при использовании фотоядерного детектора скрытых взрывчатых веществ _fС.С. Белышев, В.А. Берлянд, Л.З. Джилавян [и др.] |
|
| 210 |
_aМосква _cИнститут ядерных исследований _d2013 |
||
| 215 |
_a27, [1] с. _cил. _d29 |
||
| 225 | 1 |
_aПрепринт ИЯИ РАН _fФедер. гос. бюджет. учреждение науки Ин-т ядер. исслед. Рос. акад. наук _v1341/2013 |
|
| 320 | _aБиблиогр. в конце кн. | ||
| 606 |
_aВзрывчатые вещества _xОбнаружение _xПрименение технических средств _92273074 _3RU\NLR\AUTH\661362313 |
||
| 686 | 1 | _aЦ561.222 | |
| 686 | 1 | _aР126.02 | |
| 686 | 1 | _aХ629.411 | |
| 701 | 1 |
_aБелышев _bС. С. |
|
| 701 | 1 |
_aБерлянд _bВ. А. |
|
| 701 | 1 |
_aДжилавян _bЛ. З. _gЛеонид Завенович |
|
| 801 | 0 |
_aRU _bRuMoRKP _c20130624 _gRCR |
|
| 801 | 2 |
_aRU _bРГБ _c20130703 _grcr |
|
| 801 | 1 |
_aRU _bRuMoRKP _c20130624 _2rusmarc |
|
| 801 | 2 |
_aRU _bNLR _c20130717 _grcr |
|
| 942 | _cBOOK | ||
| 980 | _aNBR | ||